Cuestiones sobre armonizacin̤ en la imposicin̤ indirecta

Detalles Bibliográficos
Autor principal: Miras Marn̕, Norberto
Formato: eBook
Lenguaje:español
Publicado: Madrid: Dykinson, 2019
Materias:
Acceso en línea:Acceso restringido

MARC

LEADER 00000nam a22000007a 4500
005 20190806224926.0
007 cr|||| ||||
008 190806s2019 es |||||s|||| 00||0 spa d
020 |a 978-84-1324-065-7 
035 |a 23791 
040 |a vLex 
090 |c 9106  |d 9106 
100 1 |a Miras Marn̕, Norberto 
245 1 0 |a Cuestiones sobre armonizacin̤ en la imposicin̤ indirecta  |h [Recurso electrn̤ico] /  |c Norberto Miras Marn̕ 
256 |a Servicio en ln̕ea 
260 |a Madrid:  |b Dykinson,  |c 2019 
300 |a 1 recurso electrn̤ico 
506 1 |a Disponible solo en los productos indicados  |d vLex Global  |d vLex Global (Academic Edition, excluding Law Schools)  |d vLex Global (U.S. Academic Edition, Law Schools)  |d vLex Global (U.S. Academic Edition, excluding Law Schools)  |d vLex Global (Academic Edition, Law Schools) 
650 0 4 |a Imposicin̤ indirecta  |z Espaą 
740 0 |a vLex Libros (Servicio en ln̕ea) 
856 4 0 |u http://vlex.com/source/cuestiones-armonizacion-imposicion-indirecta-23791  |z Acceso restringido 
942 |c BOOK 
999 0 |a Indirect taxation